000 00647nam a2200229Ia 4500
003 IT-RoPAU
008 120407s9999 xx 000 0 und d
040 _aIT-RoPAU
040 _cIT-RoPAU
041 _afra
100 _aD. Buzy
100 _cs.c.j.
245 _aLa Sainte Bible (Pirot). Traduite et commentée par D. Buzy.
250 _aParis
260 _aLetouzey et Ané
260 _c1946
300 _c22 cm
490 _v1
600 _a"Tome 6. Les Cantiques des Cantiques. Tome 9. Evangile selon S. Mathieu. Tome 11,2. Epitre aux Galates. Tome 12. Epitre aux Thessaloniciens."
942 _cBK
999 _c23004
_d23004